000 00563nam a2200193Ia 4500
003 GCL
008 140319s9999 xx 000 0 ara d
040 _aGCL /
_cGCL
082 0 4 _a811.0099282
_bا ا
100 1 _aاميل ناصيف
245 1 0 _aاروع ما قيل من اغان واشعار للاطفال /
_cاميل ناصيف
260 _a[S.N] :
_bدار الجيل ،
_c1993
300 _a128 ص
490 _a
650 0 4 _aالاطفال
650 0 4 _aادب الاطفال
650 0 4 _aالاناشيد المدرسية
942 _2ddc
_cBK
999 _c57956
_d57956